Datum a čas kvízu
36
Celkem bodů
Celkový počet nahraných bodů na tomto kvízu bez doplňovacích otázek.
5.
Pořadí na kvízu
Konečné umístění týmu na tomto kvízu.
Zaznamenané odpovědi
| # | Otázka | Odpověď | Body | Výsledky |
|---|---|---|---|---|
| 1. | Nezvyklou předehru měl odlet č... | drogy | 0 | |
| 2. | Tisíce lidí se v neděli v podv... | V Polsku. | 1 | |
| 3. | Minulý týden měl premiéru doku... | Olga Malířová Špátová | 1 | |
| 4. | Společnost Blue Origin Jeffa B... | James T. Kirk | 1 | |
| 5. | Vedení českého hokeje minulý č... | Ondřeje Paláta | 0 | |
| -14. | Po Středočeském kraji nás v da... | Španělský sál | 1 | |
| -13. | Oblíbenou atrakcí našeho hlavn... | Nebozízek | 1 | |
| -12. | Místem, které rozhodně stojí z... | Moja | 1 | |
| -11. | Kterou z následujících soch ne... | D | 1 | |
| -10. | Seřaďte následující zahraniční... | 1D 2B 3A 4C | 0 |